Подготовка на данни (Запис номер 59709)
[ съкратено ]
| 000 -Лидер | |
|---|---|
| Контролно поле с фиксирана дължина | 01468nam a2200313 c 4500 |
| 003 - Код на организацията, давaща контролен номер | |
| Контролно поле | BLK |
| 005 - Дата и час на последна редакция | |
| Контролно поле | 20180422102301.0 |
| 008 - Елементи от данни с фиксирана дължина | |
| fixed length control field | 180408b bul|||||r ||||||| ||bul|| |
| 010 ## - Наследен системен номер | |
| LC control number | KNG00063824000 |
| 040 ## - Източник на каталожния запис | |
| Идентификатор на билиотеката - собственик на записа | BLK |
| 041 ## - Код за език | |
| Код за езика на текст/звукозапис или на отделно заглавие | Български |
| Код за езика КДБФ | Български |
| 080 ## - УДК | |
| Текстов определител УДК | Машини и устройства за обработка на данни. Вж и 003 ; 007 ; 621.391 ; 65.011.56 |
| УДК код - определител по УДК | 681.3 |
| УДК определител | -523.8(038)=20=30=40=82=867 |
| УДК - код + определител | 681.3-523.8(038)=20=30=40=82=867 |
| 080 ## - УДК | |
| Текстов определител УДК | Различни категории думи |
| УДК код - определител по УДК | 81`373.4 |
| УДК определител | =20=30=40=82=867:681.3.523.8 |
| УДК - код + определител | 81`373.4=20=30=40=82=867:681.3.523.8 |
| 100 1# - Редна дума - Автор | |
| Автор | Бюргер, Ерих |
| Авторска отговорност | първи автор |
| R(LIN) | 288682 |
| 139 ## - Редно поле | |
| Редна дума | Бюргер, Ерих и др. |
| Авторски знак | |
| 245 10 - Сведения за заглавието | |
| Заглавие | Подготовка на данни |
| Подзаглавни данни | Програмиране : Англ.-нем.-фр.-рус.-бълг. техн. речник |
| Редно поле (дума) | Ерих Бюргер; съавт. Илко П. Павлов; съавт. Борислав З. Димитров; науч. ред. Никола Н. Пъдарев. |
| 257 ## - Страна на издаване | |
| Страна на създаване/издаване | България |
| 260 ## - Област на издателските данни | |
| -- | София |
| Име на издателя, разпространителя и проч. | Техника |
| Година на издаване | 1978 |
| 300 ## - Физическа характеристика | |
| Страници | 478 с. |
| Размери/Мащаб | 25 см |
| 380 ## - Жанр | |
| Жанр | Техника |
| 700 1# - Други автори (авторска отговорност) | |
| Лично име | Павлов, Илко П. |
| Автороска отговорност (Описва отношението между автора и произведението) | съавт. |
| 9 (RLIN) | 369811 |
| 700 1# - Други автори (авторска отговорност) | |
| Лично име | Димитров, Борислав З. |
| Автороска отговорност (Описва отношението между автора и произведението) | съавт. |
| 9 (RLIN) | 289189 |
| 700 1# - Други автори (авторска отговорност) | |
| Лично име | Пъдарев, Никола Н. |
| Автороска отговорност (Описва отношението между автора и произведението) | науч. ред. |
| 9 (RLIN) | 113547 |
| 852 ## - Местоположение | |
| Форматна сигнатура | Цб 94164 |
| 856 4# - Електронен адрес и достъп | |
| Електронен формат | pdf - файл |
| Път до файла /url/ | |
| 856 4# - Електронен адрес и достъп | |
| Електронен формат | pdf - файл |
| Път до файла /url/ | |
| 942 ## - АРТИКУЛИ | |
| Вид на библиотечния материал | Книги |
| Скрит в OPAC | Не |
| 944 ## - СЪЗДАВАНЕ И РЕДАКЦИЯ на ЗАПИСА | |
| Създаване/Редакция | Създаване |
| Дата на регистрацията/редакция | 13.06.2004 |
| Служител, извършил регистрацията/редакцията | Читалня |
| 944 ## - СЪЗДАВАНЕ И РЕДАКЦИЯ на ЗАПИСА | |
| Създаване/Редакция | Редакция |
| Дата на регистрацията/редакция | 13.06.2004 |
| Служител, извършил регистрацията/редакцията | |
| 999 ## - СИСТЕМНИ КОНТРОЛНИ НОМЕРА | |
| Koha biblionumber | 59709 |
| Koha biblioitemnumber | 59709 |
| Код за отписване | Код за изгубен артикул | Източник на класификационната схема | Код за повреда | Коз за рестрикции | Код за отдаване | Артикулен № | Име на библиотеката - собственик | Име на библиотеката, в която се намира в момента | Статус (Текущо местоположение) | Дата на вписване в системата | Местоположение - отдел | Цена в лева | Инвентарен номер | Систематично азбучна сигнатура | Баркод | Номер на екземпляра | Цена в евро | Служебна бележка | Служебен тип на артикула |
|---|---|---|---|---|---|---|---|---|---|---|---|---|---|---|---|---|---|---|---|
| Не е изгубен | Universal Decimal Classification | Не е повреден | без рестрикции | ползва се в читалня | 97560 | Регионална библиотека "Любен Каравелов" Русе | Регионална библиотека "Любен Каравелов" Русе | Читалня - справочен фонд | 1993-01-01 | Читалня | 10.35 | 265290 | СЧ 681.3-52(038)/Б 98 Е | 120000265290 | 1 | 5.29 | Дата инв: 24.03.2017 Бележки инв: СЧ2017 | Книги |